[Event "Cebanenco Memorial 2019"]
[Site "Chisinau"]
[Date "2019.05.10"]
[Round "4.4"]
[White "Smirin, Ilia"]
[Black "Miron, Lucian-Costin"]
[Result "1/2-1/2"]
[WhiteElo "2605"]
[BlackElo "2472"]
[Annotator "ChessBase"]
[PlyCount "79"]
[EventDate "2019.05.07"]
[EventCountry "MDA"]
[SourceTitle "playchess.com"]
[Source "ChessBase"]
[SourceQuality "1"]
[TimeControl "5400+30"]

1. e4 {[%emt 0:10:36]} e5 {[%emt 0:00:00]} 2. Nf3 {[%emt 0:00:20]} Nc6 {[%emt 0:00:00]} 3. Bb5 {[%emt 0:00:11]} a6 {[%emt 0:00:00]} 4. Ba4 {[%emt 0:00:04]} Nf6 {[%emt 0:00:00]} 5. O-O {[%emt 0:00:29]} Be7 {[%emt 0:00:05]} 6. Qe2 {[%emt 0:00:32]} b5 {[%emt 0:04:16]} 7. Bb3 {[%emt 0:02:58]} d6 {[%emt 0:00:06]} 8. c3 {[%emt 0:00:18]} O-O {[%emt 0:00:58]} 9. Rd1 {[%emt 0:00:17]} Na5 {[%emt 0:06:22]} 10. Bc2 {[%emt 0:00:15]} c5 {[%emt 0:00:03]} 11. d4 {[%emt 0:00:36]} Qc7 {[%emt 0:00:33]} 12. d5 {[%emt 0:00:45]} Bd7 {[%emt 0:19:02]} 13. b3 {[%emt 0:01:09]} Nb7 {[%emt 0:08:56]} 14. Nbd2 {[%emt 0:07:25]} Nh5 {[%emt 0:00:34]} 15. g3 {[%emt 0:02:07]} g6 {[%emt 0:03:06]} 16. Nf1 {[%emt 0:00:47]} Ng7 {[%emt 0:03:23]} 17. Bh6 {[%emt 0:03:36]} f6 {[%emt 0:02:42]} 18. a4 {[%emt 0:00:09]} Rfb8 {[%emt 0:07:48]} 19. axb5 {[%emt 0:05:28]} axb5 {[%emt 0:01:06]} 20. Bd3 {[%emt 0:00:38]} Na5 {[%emt 0:08:34]} 21. N3d2 {[%emt 0:04:12]} b4 {[%emt 0:04:37]} 22. cxb4 {[%emt 0:05:03]} Rxb4 {[%emt 0:00:14]} 23. Nc4 {[%emt 0:00:18]} Rbb8 {[%emt 0:00:04]} 24. Nfd2 {[%emt 0:01:16]} Nb7 {[%emt 0:09:08]} 25. Qf1 {[%emt 0:15:23]} Nd8 {[%emt 0:05:52]} 26. Rxa8 {[%emt 0:00:39]} Rxa8 {[%emt 0:00:05]} 27. Ra1 {[%emt 0:00:10]} Rxa1 {[%emt 0:05:49]} 28. Qxa1 {[%emt 0:00:11]} Ne8 {[%emt 0:01:28]} 29. Be3 {[%emt 0:02:14]} Qb7 {[%emt 0:01:58]} 30. Qa5 {[%emt 0:02:31]} Nf7 {[%emt 0:04:22]} 31. Nb6 {[%emt 0:02:49]} Bd8 {[%emt 0:00:30]} 32. Ndc4 {[%emt 0:00:12]} Bh3 {[%emt 0:01:29]} 33. f3 {[%emt 0:04:57]} Nc7 {[%emt 0:01:41]} 34. g4 {[%emt 0:07:47]} Na6 {[%emt 0:01:20]} 35. Qb5 {[%emt 0:05:12]} Kg7 {[%emt 0:00:30]} 36. Qd7 {[%emt 0:05:30]} Qxd7 {[%emt 0:00:00]} 37. Nxd7 {[%emt 0:00:04]} Nb4 {[%emt 0:00:00]} 38. Be2 {[%emt 0:00:24]} f5 {[%emt 0:00:33]} 39. Ndb6 {[%emt 0:01:03]} f4 {[%emt 0:01:14]} 40. Bf2 {[%emt 0:00:00]} 1/2-1/2

[Event "Cebanenco Memorial 2019"]
[Site "Chisinau"]
[Date "2019.05.10"]
[Round "4.5"]
[White "Macovei, Andrei"]
[Black "Morozov, Nichita"]
[Result "1/2-1/2"]
[WhiteElo "2432"]
[BlackElo "2371"]
[Annotator "ChessBase"]
[PlyCount "66"]
[EventDate "2019.05.07"]
[EventCountry "MDA"]
[SourceTitle "playchess.com"]
[Source "ChessBase"]
[SourceQuality "1"]
[TimeControl "5400+30"]

1. e4 {[%emt 0:00:00]} d6 {[%emt 0:00:00]} 2. d4 {[%emt 0:00:28]} Nf6 {[%emt 0:00:00]} 3. Nc3 {[%emt 0:00:04]} e5 {[%emt 0:00:00]} 4. Nf3 {[%emt 0:00:10]} Nbd7 {[%emt 0:00:00]} 5. Bc4 {[%emt 0:00:05]} Be7 {[%emt 0:00:00]} 6. a4 {[%emt 0:00:05]} a5 {[%emt 0:00:00]} 7. O-O {[%emt 0:00:12]} O-O {[%emt 0:00:01]} 8. Re1 {[%emt 0:05:05]} c6 {[%emt 0:00:05]} 9. h3 {[%emt 0:01:14]} Nb6 {[%emt 0:00:10]} 10. Ba2 {[%emt 0:00:54]} Nfd7 {[%emt 0:00:06]} 11. Be3 {[%emt 0:00:54]} exd4 {[%emt 0:00:05]} 12. Nxd4 {[%emt 0:00:08]} Nc5 {[%emt 0:00:05]} 13. Qh5 {[%emt 0:00:03]} Nbxa4 {[%emt 0:03:42]} 14. Nxa4 {[%emt 0:00:09]} Nxa4 {[%emt 0:00:03]} 15. Nf3 {[%emt 0:00:08]} Nc5 {[%emt 0:15:28]} 16. Ng5 {[%emt 0:09:11]} Bxg5 {[%emt 0:03:40]} 17. Bxg5 {[%emt 0:00:10]} Qc7 {[%emt 0:01:37]} 18. Bf4 {[%emt 0:05:47]} Nd7 {[%emt 0:03:26]} 19. Bg3 {[%emt 0:32:37]} Nf6 {[%emt 0:04:38]} 20. Qh4 {[%emt 0:02:32]} Be6 {[%emt 0:05:14]} 21. Bxe6 {[%emt 0:03:44]} fxe6 {[%emt 0:01:16]} 22. e5 {[%emt 0:00:01]} dxe5 {[%emt 0:00:33]} 23. Rxe5 {[%emt 0:00:07]} Qd7 {[%emt 0:01:47]} 24. Qc4 {[%emt 0:04:41]} Nd5 {[%emt 0:02:17]} 25. Qe2 {[%emt 0:00:33]} Rf5 {[%emt 0:20:28]} 26. Rxe6 {[%emt 0:03:27]} Raf8 {[%emt 0:00:06]} 27. Re4 {[%emt 0:07:47]} Qd8 {[%emt 0:10:07]} 28. Qd2 {[%emt 0:05:40]} Nf6 {[%emt 0:11:57]} 29. Qxd8 {[%emt 0:03:20]} Rxd8 {[%emt 0:00:01]} 30. Re7 {[%emt 0:00:44]} Rd2 {[%emt 0:05:24]} 31. Rxb7 {[%emt 0:01:39]} Ne4 {[%emt 0:00:05]} 32. Re1 {[%emt 0:02:30]} Nxg3 {[%emt 0:00:04]} 33. fxg3 {[%emt 0:00:53]} h5 {[%emt 0:00:01]} 1/2-1/2

[Event "Cebanenco Memorial 2019"]
[Site "Chisinau"]
[Date "2019.05.13"]
[Round "5.1"]
[White "Morozov, Nichita"]
[Black "Fedorov, Alexei"]
[Result "1-0"]
[WhiteElo "2371"]
[BlackElo "2566"]
[Annotator "TA"]
[PlyCount "42"]
[EventDate "2019.05.07"]
[EventCountry "MDA"]
[SourceTitle "playchess.com"]
[Source "ChessBase"]
[SourceQuality "1"]

{[%evp 23,42,42,52,40,42,39,43,22,34,36,53,47,58,0,0,0,7,0,10,0,0]} 1. d4 Nf6 2. c4 g6 3. Nc3 Bg7 4. e4 d6 5. f4 c5 6. d5 O-O 7. Nf3 e6 8. Be2 exd5 9. cxd5 Bg4 10. O-O Nbd7 11. h3 Bxf3 12. Bxf3 a6 13. g4 {A68: Modern Benoni: Four Pawns Attack without 9...Re8} b5 {[%cal Bb7b5,Bb5b4][%mdl 32]} 14. g5 Ne8 15. Kg2 {White is slightly better.} b4 $146 ({Predecessor:} 15... Nc7 16. a4 bxa4 17. Rxa4 Nb5 18. Qd3 Nb6 19. Ra2 Nd4 20. Bd1 c4 {½-½ (41) Moranda,W (2586)-Chojnacki,K (2437) Poznan 2011}) 16. Ne2 Nc7 17. h4 Nb5 18. f5 (18. h5 $14) 18... Be5 $11 {The position is equal.} 19. f6 c4 (19... h6 $5) 20. h5 $1 c3 21. bxc3 Nxc3 {[%mdl 32768] Loss on time!?} 1-0

[Event "Cebanenco Memorial 2019"]
[Site "Chisinau"]
[Date "2019.05.13"]
[Round "5.2"]
[White "Miron, Lucian-Costin"]
[Black "Macovei, Andrei"]
[Result "1/2-1/2"]
[WhiteElo "2472"]
[BlackElo "2432"]
[Annotator "ChessBase"]
[PlyCount "61"]
[EventDate "2019.05.07"]
[EventCountry "MDA"]
[SourceTitle "playchess.com"]
[Source "ChessBase"]
[SourceQuality "1"]
[TimeControl "5400+30"]

1. d4 {[%emt 0:00:40]} Nf6 {[%emt 0:00:00]} 2. c4 {[%emt 0:00:03]} e6 {[%emt 0:00:00]} 3. Nc3 {[%emt 0:00:02]} Bb4 {[%emt 0:00:00]} 4. Qc2 {[%emt 0:00:04]} d5 {[%emt 0:00:00]} 5. cxd5 {[%emt 0:00:04]} exd5 {[%emt 0:00:00]} 6. Bg5 {[%emt 0:00:13]} h6 {[%emt 0:00:04]} 7. Bh4 {[%emt 0:00:06]} c5 {[%emt 0:00:36]} 8. dxc5 {[%emt 0:00:05]} g5 {[%emt 0:00:07]} 9. Bg3 {[%emt 0:00:06]} Ne4 {[%emt 0:00:04]} 10. e3 {[%emt 0:01:45]} Qa5 {[%emt 0:01:10]} 11. Rc1 {[%emt 0:01:50]} Qxa2 {[%emt 0:01:45]} 12. Bb5+ {[%emt 0:04:21]} Bd7 {[%emt 0:07:03]} 13. Bxd7+ {[%emt 0:00:19]} Nxd7 {[%emt 0:00:06]} 14. Nge2 {[%emt 0:00:04]} Nxc3 {[%emt 0:03:00]} 15. Nxc3 {[%emt 0:00:22]} Qc4 {[%emt 0:00:05]} 16. Rd1 {[%emt 0:00:17]} Nxc5 {[%emt 0:03:54]} 17. Rd4 {[%emt 0:20:05]} Qa6 {[%emt 0:01:29]} 18. h4 {[%emt 0:21:30]} g4 {[%emt 0:07:50]} 19. f3 {[%emt 0:07:24]} gxf3 {[%emt 0:51:25]} 20. gxf3 {[%emt 0:00:30]} Rg8 {[%emt 0:00:30]} 21. Kf2 {[%emt 0:13:18]} Bxc3 {[%emt 0:00:45]} 22. bxc3 {[%emt 0:02:24]} O-O-O {[%emt 0:01:03]} 23. Qf5+ {[%emt 0:05:02]} Ne6 {[%emt 0:05:11]} 24. Rhd1 {[%emt 0:05:27]} Qc6 {[%emt 0:03:20]} 25. R4d2 {[%emt 0:05:34]} b6 {[%emt 0:05:41]} 26. Rxd5 {[%emt 0:08:54]} Rxd5 {[%emt 0:00:50]} 27. Rxd5 {[%emt 0:01:57]} Qxc3 {[%emt 0:00:30]} 28. Qxf7 {[%emt 0:00:30]} Qc2+ {[%emt 0:00:59]} 29. Ke1 {[%emt 0:00:22]} Qc1+ {[%emt 0:03:00]} 30. Kf2 {[%emt 0:00:15]} Qc2+ {[%emt 0:02:10]} 31. Ke1 {[%emt 0:00:06]} 1/2-1/2

[Event "Cebanenco Memorial 2019"]
[Site "Chisinau"]
[Date "2019.05.13"]
[Round "5.3"]
[White "Hamitevici, Vladimir"]
[Black "Smirin, Ilia"]
[Result "1-0"]
[WhiteElo "2476"]
[BlackElo "2605"]
[Annotator "TA"]
[PlyCount "89"]
[EventDate "2019.05.07"]
[EventCountry "MDA"]
[SourceTitle "playchess.com"]
[Source "ChessBase"]
[SourceQuality "1"]

{[%evp 9,89,32,50,25,34,31,43,42,48,25,50,18,15,-13,72,82,102,103,102,88,104,104,108,114,95,104,108,99,105,109,156,162,154,147,277,288,317,298,313,240,317,185,266,289,288,287,281,286,271,277,269,275,350,341,406,401,420,402,411,402,406,385,498,494,506,507,544,532,611,604,650,641,624,629,577,589,759,747,858,807,1070,1070]} 1. d4 Nf6 2. c4 g6 3. Nc3 Bg7 4. e4 d6 5. h3 Nbd7 6. Be3 {E71: King's Indian: 4 e4 d6 5 h3} (6. Nf3 e5 7. d5 Nc5 8. Qc2 a5 9. Be3 O-O 10. O-O-O Nh5 11. g3 f5 12. Bxc5 dxc5 13. Be2 Nf6 14. Nd2 Ne8 15. exf5 gxf5 16. g4 Nd6 17. Rhg1 Kh8 18. gxf5 Bxf5 {0-1 (34) Paravyan,D (2634)-Grischuk,A (2771) St Petersburg 2018}) 6... e5 7. d5 Nc5 8. Qc2 {White is slightly better.} Nh5 9. Nf3 $146 ({Predecessor:} 9. b4 Nd7 10. Be2 Nf4 11. Bf3 a5 12. b5 Nc5 13. Bxc5 dxc5 {1-0 (80) Torres Bravo,C (2347)-Gasic Merino,F (2189) Santiago de Chile 2019}) 9... f5 10. g3 (10. Bxc5 $5 dxc5 11. Bd3 $11) 10... O-O 11. Nd2 {[#]} (11. Bxc5 $5 dxc5 12. Bg2 $11) 11... f4 (11... Ne6 $1 $11 {[%mdl 512] remains equal.}) 12. Bxc5 $1 $16 fxg3 13. Be3 gxf2+ {[#]} 14. Kd1 $1 Qh4 {[#]} 15. Qd3 $1 Ng3 16. Rh2 Nxf1 17. Nxf1 Bxh3 18. Qe2 Rf7 {next ...Raf8 is good for Black.} 19. Bxf2 Qh6 {Threatens to win with ...Bxf1.} 20. Ne3 Raf8 21. Kc2 Rf3 (21... Qf4 $16 22. Be1 (22. Rxh3 Qxf2 23. b4 Qxe2+ 24. Nxe2 Rf2 $16) 22... Qf3) 22. Rah1 $18 Qh5 23. Ned1 Bh6 24. Bxa7 b6 {If Black can now play ...Bf4 this consolidates a bit.} 25. a4 (25. Kb3 $142) 25... Ra8 (25... Bf4 {is a better defense.}) 26. Rf2 Rxf2 27. Nxf2 {Strongly threatening Qxh5.} Qxe2+ 28. Nxe2 Bd7 29. Bxb6 cxb6 30. Rxh6 Bxa4+ 31. b3 Bd7 32. Nc3 Kg7 33. Rh1 h5 34. b4 Rc8 35. Kb3 Rf8 36. Nd3 {White is clearly winning.} Rb8 37. Kc2 Re8 38. Kd2 Kh6 39. Ke3 g5 40. c5 dxc5 41. bxc5 bxc5 42. Nxc5 Bg4 43. Nb5 h4 44. Nd6 Rf8 {[#]} 45. Nf5+ $1 {Accuracy: White = 71%, Black = 49%.} 1-0

[Event "Cebanenco Memorial 2019"]
[Site "Chisinau"]
[Date "2019.05.13"]
[Round "5.4"]
[White "Svetushkin, Dmitry"]
[Black "Schitco, Ivan"]
[Result "1/2-1/2"]
[WhiteElo "2536"]
[BlackElo "2437"]
[Annotator "TA"]
[PlyCount "49"]
[EventDate "2019.05.07"]
[EventCountry "MDA"]
[SourceTitle "playchess.com"]
[Source "ChessBase"]
[SourceQuality "1"]

{[%evp 16,49,59,48,44,52,52,52,48,35,72,39,46,46,57,43,62,62,79,70,81,62,62,64,104,120,102,118,99,43,48,54,65,-454,25,-337]} 1. e4 d6 2. d4 Nf6 3. Nc3 g6 4. Be3 c6 5. f3 Nbd7 6. Qd2 b5 7. g4 Bg7 8. h4 h5 9. g5 Nh7 {B07: Pirc Defence: Miscellaneous Systems} 10. f4 (10. Nge2 Nb6 11. Ng3 Nc4 12. Bxc4 bxc4 13. O-O Nf8 14. f4 Nd7 15. f5 O-O 16. Nce2 c5 17. Nf4 cxd4 18. Bxd4 {1-0 (42) Beerdsen,T (2441)-Decoster,F (2268) Maastricht 2018}) 10... Nb6 11. Bd3 d5 $146 {White is slightly better.} ({Predecessor:} 11... O-O 12. Nge2 Nc4 13. Bxc4 bxc4 14. f5 Re8 15. O-O Rb8 16. Rab1 Nf8 17. Ng3 {1-0 (33) Burrows,M (2121)-Schroer,M (2064) Douglas 2018}) 12. Nge2 O-O 13. e5 Nc4 14. Qc1 Bg4 15. O-O e6 16. Bf2 Re8 17. Ng3 Bf8 18. a4 Bb4 19. Nb1 bxa4 20. c3 Be7 21. Rxa4 a5 22. Nd2 (22. Bxc4 $16 {Hoping for Be2.} dxc4 23. Nd2 (23. Rxc4 Qd5 $17)) 22... Nb6 $14 23. Ra2 Bf5 24. Kg2 $2 {[%mdl 8192] [#]} (24. Nxf5 $14 {stays ahead.} exf5 25. Be3) 24... Nf8 $2 ({Better is} 24... Bxd3 $19 25. Rd1 a4) 25. Nxh5 $2 {[%mdl 40960] Accuracy: White = 46%, Black = 43%. . An unexpected result.} (25. Be2 $11 {and White stays safe.}) 1/2-1/2

[Event "Cebanenco Memorial 2019"]
[Site "Chisinau"]
[Date "2019.05.13"]
[Round "5.5"]
[White "Jobava, Baadur"]
[Black "Lashkin, Jegor"]
[Result "1-0"]
[WhiteElo "2618"]
[BlackElo "2313"]
[Annotator "TA"]
[PlyCount "23"]
[EventDate "2019.05.07"]
[EventCountry "MDA"]
[SourceTitle "playchess.com"]
[Source "ChessBase"]
[SourceQuality "1"]

{[%evp 14,23,0,0,0,-4,21,7,33,41,61,39]} 1. e4 c5 2. c3 d5 3. exd5 Qxd5 4. d4 e6 5. Nf3 Nf6 6. Bd3 Be7 7. O-O O-O 8. Re1 Nc6 {B22: Sicilian: 2 c3} 9. Na3 {[%cal Bb1a3,Ba3b5,Bb5d4][%mdl 32]} cxd4 (9... Qd8 10. dxc5 Bxc5 11. b4 Be7 12. Nc4 Qc7 13. Qc2 g6 14. b5 Nb8 15. Bh6 Re8 16. Nce5 {½-½ (51) Ulybin,M (2491)-Alekseev,E (2692) Riga 2014}) 10. Nb5 $1 Qd8 11. Nbxd4 Bd7 12. Qc2 $146 ({Predecessor:} 12. Bc2 Nxd4 13. Nxd4 Qc7 14. Bg5 Rfe8 15. Qf3 Nd5 16. Bxe7 Nxe7 {1-0 (46) Jafarli,B (2131)-Kanli,A (1726) Baku 2018}) 1-0

[Event "Cebanenco Memorial 2019"]
[Site "Chisinau"]
[Date "2019.05.14"]
[Round "6.2"]
[White "Schitco, Ivan"]
[Black "Jobava, Baadur"]
[Result "1-0"]
[WhiteElo "2437"]
[BlackElo "2618"]
[Annotator "TA"]
[PlyCount "69"]
[EventDate "2019.05.07"]
[EventCountry "MDA"]
[SourceTitle "playchess.com"]
[Source "ChessBase"]
[SourceQuality "1"]

{[%evp 12,105,28,25,21,27,66,77,83,91,79,79,75,66,75,75,66,68,53,54,48,47,58,49,53,34,24,18,70,79,136,119,148,141,145,161,158,158,165,22,66,68,98,92,168,164,209,138,145,0,209,211,206,187,188,182,329,210,213,0,0,0,0,0,0,0,0,0,0,-31,-45,-43,-40,-42,-38,-34,0,-56,0,-52,-41,-104,-62,-66,1125,1076,1018,987,5633,5633,5534,5494,5567,5535,5210,5210]} 1. c4 Nf6 2. g3 c6 3. Nf3 d5 4. Bg2 Bg4 5. Ne5 Be6 6. cxd5 Bxd5 7. Nf3 g6 {A11: English Opening: 1...c6} (7... c5 8. Nc3 Bc6 9. O-O e6 10. Qc2 Be7 11. Rd1 O-O 12. d4 cxd4 13. Nxd4 Bxg2 14. Kxg2 Nbd7 15. Bg5 {½-½ (15) Svidler,P (2765)-Karjakin,S (2760) Riadh 2017}) 8. Nc3 Bc4 $146 ({Predecessor:} 8... Bg7 9. d3 Bxf3 10. Bxf3 O-O 11. h4 h5 12. Qb3 Qb6 13. Qc2 Nbd7 14. Bf4 Qa5 15. O-O {0-1 (48) Maletin,P (2587)-Amonatov,F (2592) St Petersburg 2015}) 9. d3 Ba6 {White is better.} 10. O-O Bg7 11. Rb1 O-O 12. b4 b6 13. Bb2 Bb7 14. Qb3 Nbd7 15. d4 a5 16. a3 axb4 17. axb4 Nd5 18. e4 Nxc3 19. Bxc3 Ba6 (19... b5 $11) 20. Rfe1 $14 Bb5 ({Black should try} 20... Nf6) 21. d5 $16 {Bxg7 is the strong threat.} Ba4 22. Qb2 $1 Bxc3 23. Qxc3 cxd5 24. exd5 Nf6 25. Qe5 (25. b5 $18) 25... Qd6 26. Nd4 (26. Qxe7 Qxe7 27. Rxe7 Nxd5 $11) 26... Rfe8 {[#]} 27. b5 $1 Nd7 (27... Rac8 $16) 28. Qg5 $18 Kf8 29. Qh6+ Kg8 30. Qg5 (30. Qd2 $16) 30... Kf8 $1 31. Re4 Nf6 32. Rh4 Rec8 33. Re1 Rc5 (33... Bc2 {keeps fighting.} 34. Qd2 Bf5 35. Nxf5 gxf5 36. Qh6+ Kg8) 34. Qh6+ Kg8 35. Ra1 {Played: Re1-e6} 1-0

[Event "Cebanenco Memorial 2019"]
[Site "Chisinau"]
[Date "2019.05.13"]
[Round "6.3"]
[White "Smirin, Ilia"]
[Black "Svetushkin, Dmitry"]
[Result "1/2-1/2"]
[WhiteElo "2605"]
[BlackElo "2536"]
[Annotator "TA"]
[PlyCount "18"]
[EventDate "2019.05.07"]
[EventCountry "MDA"]
[SourceTitle "playchess.com"]
[Source "ChessBase"]
[SourceQuality "1"]

{[%evp 17,18,0,22]} 1. e4 c5 2. Nf3 d6 3. d4 cxd4 4. Nxd4 Nf6 5. Nc3 a6 6. Be3 Ng4 $146 ({Predecessor:} 6... e5 7. Nf3 Qc7 8. a4 Be7 9. a5 O-O 10. Be2 Nbd7 11. Nd2 b5 12. axb6 Nxb6 13. O-O a5 14. Nb5 Qb8 15. c4 Be6 16. Qb3 Rc8 17. Rfc1 Bd8 18. Qd1 Nbd7 19. f3 Bb6 20. Nf1 Ne8 21. Rc3 {½-½ (41) Aronian,L (2763)-Naiditsch,A (2695) Karlsruhe/Baden Baden 2019}) 7. Bc1 Nf6 8. Be3 Ng4 9. Bc1 Nf6 1/2-1/2

[Event "Cebanenco Memorial 2019"]
[Site "Chisinau"]
[Date "2019.05.14"]
[Round "6.4"]
[White "Macovei, Andrei"]
[Black "Hamitevici, Vladimir"]
[Result "1/2-1/2"]
[WhiteElo "2432"]
[BlackElo "2476"]
[Annotator "TA"]
[PlyCount "136"]
[EventDate "2019.05.07"]
[EventCountry "MDA"]
[SourceTitle "playchess.com"]
[Source "ChessBase"]
[SourceQuality "1"]

{[%evp 17,136,14,10,4,6,7,16,13,27,22,30,36,71,61,75,58,69,48,49,49,47,21,15,0,21,5,178,15,26,34,29,19,35,8,25,24,28,34,22,28,27,15,39,37,35,31,53,35,33,34,33,19,31,26,26,26,28,28,31,33,43,37,37,12,40,22,28,4,7,0,0,0,7,4,9,0,10,0,0,0,0,0,0,-3,0,-16,-15,-19,-22,-25,-6,-25,-25,-25,-14,-14,-14,-14,-14,-14,-14,-14,-14,-14,-14,-14,-14,-14,-14,-14,-14,-14,-14,-14,-14,-14,0,-14,-14,-14,0]} 1. e4 e5 2. Nf3 Nc6 3. Bb5 a6 4. Ba4 Nf6 5. O-O b5 6. Bb3 Bc5 7. Re1 d6 8. c3 O-O 9. h3 h6 10. d4 {C78: Ruy Lopez: Archangelsk and Möller Defences} Bb6 11. Be3 Re8 ({Don't go for} 11... Nxe4 $2 12. Bd5 $18) 12. Nbd2 {[%cal Bb1d2,Bd2f1,Bf1g3][%mdl 32]} Bd7 (12... Rb8 13. a3 Na5 14. Ba2 exd4 15. Bxd4 Nc6 16. Bxb6 Rxb6 17. c4 b4 18. c5 dxc5 19. e5 Nh7 {½-½ (44) Vachier Lagrave,M (2731)-Giri,A (2793) Saint Louis 2015}) 13. Bc2 Qb8 14. Nf1 {[#]} b4 $146 ({Predecessor:} 14... exd4 15. cxd4 Nb4 16. Ng3 Nxc2 17. Qxc2 Qb7 18. d5 c6 19. dxc6 Bxc6 20. Bxb6 Qxb6 {½-½ (87) Bologan,V (2665)-Ganguly,S (2625) Melilla 2011}) 15. Ng3 bxc3 16. bxc3 Ba5 17. Rb1 Qd8 $1 18. d5 Ne7 19. Bd2 Ng6 20. c4 Bb6 21. Qc1 c6 $2 (21... Bc5 $11) 22. Qa3 $2 (22. dxc6 $18 Bxc6 {[#]} 23. Bxh6 $1 {[%mdl 512]}) 22... Bc5 23. Bb4 Bxb4 24. Qxb4 Qc7 25. Qb6 Rec8 26. Bd3 a5 27. Ne2 Be8 28. Qxc7 Rxc7 29. Rb2 Nd7 30. Reb1 Nc5 31. Bc2 Nf8 32. Rb8 Rc8 33. Rxa8 Rxa8 34. Kf1 f6 35. Ke1 Kf7 36. Kd2 cxd5 37. cxd5 Nfd7 38. Nc3 Rb8 39. Rxb8 Nxb8 40. Ne1 Ke7 41. Nd3 Nbd7 42. Nb2 Nb6 43. Bd3 h5 44. h4 Bd7 45. Be2 g6 46. Nd3 Nba4 {White should prevent ...Nxc3.} 47. Nxa4 Nxa4 $11 {[%mdl 4096] Endgame KBN-KBN} 48. Bd1 Nb6 49. Nb2 f5 50. f3 Kf6 51. Ke3 g5 52. hxg5+ Kxg5 53. Be2 Be8 54. Nc4 (54. g3 {looks sharper.} h4 55. gxh4+ Kxh4 56. Kf2 Bg6 57. Bd3) 54... Nxc4+ 55. Bxc4 {KB-KB} f4+ 56. Ke2 {The position is equal.} Kf6 57. Kd3 Ke7 58. Ba6 Kd8 59. Kc4 h4 {And now ...Bh5 would win.} 60. Kb3 Kc7 61. a3 Bd7 62. Bf1 Kb6 63. Kb2 Kc5 {[#] White must now prevent ...Kd4.} 64. Kc3 Be8 65. Bd3 Ba4 66. Be2 Bd7 67. Bf1 Bc8 68. Be2 Bd7 {Accuracy: White = 54%, Black = 50%.} 1/2-1/2

[Event "Cebanenco Memorial 2019"]
[Site "Chisinau"]
[Date "2019.05.14"]
[Round "6.5"]
[White "Morozov, Nichita"]
[Black "Miron, Lucian-Costin"]
[Result "0-1"]
[WhiteElo "2371"]
[BlackElo "2472"]
[Annotator "TA"]
[PlyCount "100"]
[EventDate "2019.05.07"]
[EventCountry "MDA"]
[SourceTitle "playchess.com"]
[Source "ChessBase"]
[SourceQuality "1"]

{[%evp 9,100,20,20,9,18,21,31,0,10,0,-14,-22,-10,-67,-62,-55,-54,-60,-59,-77,-71,-71,-69,-78,-45,-35,-37,-69,-80,-74,-81,-127,-124,-95,-94,-329,-325,-322,-180,-163,-164,-149,-148,-190,-126,-126,-122,-123,-122,-120,-127,-125,-119,-148,-148,-147,-147,-154,-148,-142,-128,-151,-151,-151,-138,-151,-137,-108,-96,-100,-96,-109,-64,-74,-45,-34,-63,-127,-98,-92,-108,-252,-212,-356,-358,-392,-369,-565,-559,-545,-532,-645,-645]} 1. d4 Nf6 2. Nf3 g6 3. Nbd2 d5 4. b4 Bg7 5. e3 O-O 6. Bb2 {D02: 1 d4 d5 2 Nf3 sidelines, including 2...Nf6 3 g3 and 2...Nf6 3 Bf4} Nbd7 7. c4 c6 8. cxd5 $146 {White is slightly better.} ({Predecessor:} 8. a4 Ne4 9. cxd5 Nxd2 10. Qxd2 cxd5 11. Bd3 Nf6 12. O-O Ne4 13. Qe2 Nd6 14. Rfc1 Bf5 15. Bxf5 gxf5 {1-0 (47) Sargissian,G (2689)-Kovalev,V (2683) St Petersburg 2018}) 8... Nxd5 9. a3 a5 10. e4 Nf4 11. Nc4 ({White should play} 11. Bc3 $11) 11... axb4 $15 12. axb4 Rxa1 13. Bxa1 Nb6 14. Ne3 Qd6 15. Bc3 Rd8 16. h4 Qb8 (16... e5 $5 17. dxe5 Qxd1+ 18. Nxd1 Bg4 $17) 17. Qa1 {Black should prevent Qa5.} Qa8 18. Qa5 Qxa5 19. bxa5 Na4 20. Bb4 {[#]} c5 $1 {[%mdl 512]} 21. dxc5 {[#]} (21. Bxc5 Nxc5) 21... Nxc5 $1 {[%mdl 512]} 22. Bd2 $2 (22. Nd5 $17 Rxd5 23. exd5 Nfd3+ 24. Bxd3 Nxd3+ 25. Kd2 Nxb4 26. Rc1) (22. Bxc5 Bc3+) 22... Nxe4 $19 23. g3 Ne6 (23... Nxd2 $142 24. Nxd2 Bc3) 24. Bb4 Bc3+ 25. Bxc3 Nxc3 26. Bc4 Nc5 (26... b5 $19 27. Bxe6 Bxe6) 27. O-O $17 Be6 28. Rc1 Bxc4 29. Rxc3 Be2 {White must now prevent ...Ne4.} 30. Ng5 Na6 $1 31. Rc2 Bb5 32. Ne4 Bc6 33. Nc5 Nxc5 34. Rxc5 {[%mdl 4096] Endgame KRB-KRN} Bf3 35. g4 Rd4 36. Rc7 Ra4 37. Rxe7 Kf8 38. Rc7 Rxa5 39. Kh2 Bc6 40. g5 Ra4 41. Kg3 Ke8 42. Ng4 Ra3+ 43. Ne3 (43. Kh2 $1 $15) 43... Rd3 44. Kf4 Rd4+ 45. Ke5 {[#]} (45. Kg3 $17) 45... Re4+ $1 $19 ({But not} 45... Rxh4 46. f4 $17) 46. Kd6 {[#]} (46. Kf6 $142) 46... Kf8 $1 47. Rc8+ Kg7 48. h5 (48. Rc7 {was worth a try.}) 48... gxh5 {Black is clearly winning.} 49. Nf5+ Kg6 50. Ng3 {[%cal Rc8g8]} Re8 {Accuracy: White = 39%, Black = 84%.} 0-1